[Event "Match 82__120'/40"]
[Site "Zürich"]
[Date "2025.??.??"]
[Round "1"]
[White "Scorpio 68000 sel. 4"]
[Black "Mephisto Explorer Pro"]
[Result "1-0"]
[Annotator "1-0 for Scorpio"]
[WhiteElo "2043"]
[BlackElo "2016"]
[WhiteFideId "-1"]
[BlackFideId "-1"]
[PlyCount "92"]
[GameId "541576093603"]
[EventDate "2025.10.05"]
[EventType "match"]
[EventRounds "50"]

{[%evp 0,92,25,19,46,33,49,41,46,36,36,46,29,25,33,4,-11,-156,-146,-166,-79,-110,-110,-102,-85,-108,-109,-83,-84,-89,-89,-97,-69,-86,-90,-83,-82,-79,-101,-89,-102,-102,-51,-71,-71,-90,-75,-82,-36,-43,-36,-44,-39,-35,-36,-40,-40,-35,-40,-40,-40,-50,-53,-65,-70,-72,-62,-68,-68,-96,-95,-65,-60,-92,-50,-100,-93,-90,-20,-20,-17,-17,0,0,47,0,674,750,754,992,1002,1230,1256,1321,1583] https://www.schachcomputer.info/forum/showpost.php?p=134405&postcount=15} 1. Nf3 {Novag Scorpio 68000 sel. 4, CPU 68000 16-bit, Takt 16 MHz, 16 KB RAM, 64 KB Hash Tables, 96 KB ROM, Buchzüge 32'000 Halbzüge, Markteinführung 1991, Programmierer: David Kittinger, Spielstufe A7 selektiv 4, grosse Bibliothek} c5 {Mephisto Explorer Pro, CPU Hitachi H8/3214 8-bit Singlechip, Takt 16 MHz, 1 KB RAM, 32 KB ROM, Buchzüge 6'000 Halbzüge, Markteinführung 2007, Programmierer: Frans Morsch} 2. e4 e6 {Match 120'/40 | Bediener: Rolf Bühler | Kommentator: Kurt Utzinger | 1. Partie: Weiss (Scorpio) gewinnt | Zwischenstand: 1-0 für Scorpio 68000 sel. 4 | Stand hypothetisch: 0-1 für Mephisto Explorer Pro | Eröffnung: Sizilianisch, Vierspringer Variante| Buchzüge: 5 von Scorpio; 4 von Mephisto Explorer Pro | Partieverlauf: Durch Zugumstellung entsteht die Sizilianische Vierspringer Variante. Bereits mit 8.Lc4? begeht der Scorpio 68000 sel. 4 einen entscheidenden Fehler. Der Mephisto Explorer Pro verfehlt nicht überraschend die zu tiefe Widerlegung. Aber selbst mit der zweitbesten Antwort gerät das Programm von Frans Morsch auf die Gewinnerstrasse. Im Endspiel wird dann aber der Sieg durch 25...Se5? vergeben. Statt die ausgeglichene Stellung einfach zum Remis zu führen, wählt der Mephisto Explorer Pro jedoch einen gangbaren, aber komplizierten Umweg. Und daran scheitert er schliesslich kläglich und verliert noch.} 3. d4 cxd4 4. Nxd4 Nc6 $11 {***ENDE BUCH*** Stockfish 17.1 Bewertung: +/= (0.41) (55%) Depth: 41/56} 5. Nb5 $11 {***ENDE BUCH*** Stockfish 17.1 Bewertung: = (0.01) (50%) Depth 44/33} Nf6 (5... d6 {ist gebräuchlicher} 6. c4 Nf6 $11 {0-1 (70) Gukesh,D (2744)-Firouzja,A (2777) Zagreb 2023}) 6. N1c3 ({Oder} 6. Bf4 e5 7. Bg5 Bc5 8. N1c3 d6 9. Bxf6 Qxf6 $11) 6... Bb4 {Durch Zugumstellung ist man im klassischen Vierspringerspiel der Sizilianischen Verteidigung gelandet.} 7. Bg5 {Damit verzichtet Weiss auf jeglichen Eröffnungsvorteil. Bekannt sind insbesondere die folgenden drei Fortsetzungen:} (7. a3 Bxc3+ 8. Nxc3 d5 9. exd5 exd5 10. Bd3 O-O 11. O-O {½- (31) ½ (31) Murzin,V (2678)-Mamedyarov,S (2746) Ankara 2025}) (7. Bf4 Nxe4 (7... O-O 8. Bc7 $14) 8. Qf3 d5) (7. Nd6+ Ke7 $1) 7... O-O {Stockfish 17.1 Bewertung: = (-0.12) (49% +2% =95% -4%) Depth: 41/64 mit Vorschlag 8.a3 als Bestzug.} {[#]} 8. Bc4 $2 $19 {[%mdl 32768] ***VERLUSTZUG*** Hier hat der Läufer nichts zu suchen. Denn Schwarz kann mit 8...d5! antworten und Schwarz steht praktisch schon auf Gewinn gemäss Stockfish 17.1 Bewertung: -+ (-2.57) (0% +0% =0% -100%) Depth: 45/92} ({Stockfish 17.1:} 8. a3 Be7 9. Qd2 d5 10. O-O-O a6 11. Nd4 Nxe4 12. Nxe4 dxe4 13. Nxc6 Qxd2+ 14. Bxd2 bxc6 15. Re1 Bc5 16. Rxe4 Bxf2 17. Be2 Ra7 18. Rc4 Bb7 19. Bf3 Rc8 20. Rd1 Ba8 21. a4 Rd7 22. Bf4 Rxd1+ 23. Kxd1 f5 24. g4 Kf7 25. b4 Bb6 26. Kd2 g6 27. c3 Bd8 28. Bg3 Bf6 29. Rc5 Bb7 30. h4 Be7 31. Rc4 h6 32. a5 g5 33. Bf2 gxh4 34. gxf5 exf5 35. Bxh4 Bg5+ 36. Ke2 Re8+ 37. Kf2 Re7 38. Bxg5 hxg5 39. Bxc6 g4 40. Bxb7 Rxb7 {[%eval -11,67] [%wdl 16,950,34]}) 8... a6 $6 {Noch stärker und bereits entscheidend war das für unsere Oldies viel zu komplizierte 8...d5 mit Bewertung -3.03(0%)/43, d.h. Schwarz gewinnt.} (8... d5 $1 9. Be2 (9. Bd3 dxe4 10. Bxe4 Qxd1+ 11. Kxd1 Nxe4 12. Nxe4 f5 13. a3 Ba5 {Stockfish 17.1: 1)} 14. Nc5 ({Stockfish 17.1: 2)} 14. Nd2 f4 15. b4 a6 16. Nc3 Bb6 17. f3 Bd4 18. Nde4 e5 19. Rb1 Bf5 20. Kc1 Bxc3 21. Nxc3 Nd4 22. Kb2 Nxc2 23. Rbc1 Ne3 24. Nd1 Nd5 25. Re1 Rfe8 26. Nc3 Nb6 27. Ne4 Bxe4 28. Rxe4 Rac8 29. Rxc8 Nxc8 30. Re1 Nd6 31. Bh4 Kf7 32. a4 Ke6 33. a5 h5 34. h3 Nb5 35. Bf2 Rd8 36. Kc2 g5 37. Ra1 {[%eval -304,43] [%wdl 0,0,1000]}) 14... f4 15. b4 Rf5 16. Bxf4 Rxf4 17. bxa5 Rxf2 18. Nc7 Rb8 19. Rb1 e5 20. Nd5 Rxg2 21. Ne3 Rg6 22. Rb5 Nd4 23. Rb4 Rc6 24. Nb3 Be6 25. Nxd4 Rd8 26. Rf1 g6 27. Kd2 exd4 28. Ng2 Bf5 29. Ne1 Rd7 30. Rf4 Rdc7 31. Kd1 Ra6 32. Rfxd4 Rxa5 33. Ra4 Rxa4 34. Rxa4 b6 35. Rg4 {[%eval -303,43] [%wdl 0,0,1000]}) 9... d4 10. a3 Be7 11. e5 dxc3 12. exf6 gxf6 13. Bc1 Qxd1+ 14. Bxd1 cxb2 15. Bxb2 Rd8 $19 {mit gesundem Mehrbauer für Schwarz.}) 9. Nd6 {-+ (-2.47) (0%) Depth: 42/65 in Erwartung von 9...Se5 als beste Antwort.} b5 $2 {Die positive Bewertung für Schwarz sinkt gewaltig auf nur noch =/+ (-0.56) (37%) Depth: 43/79} (9... Ne5 $1 10. Bb3 Qc7 11. Bxf6 gxf6 12. Nxc8 Bxc3+ 13. bxc3 Qxc3+ 14. Ke2 Rfxc8 {-+ (-2.46) (0%) Depth 41/29}) (9... Bxd6 $2 {kein guter Tausch.} 10. Qxd6 $16 {und das Blatt wendet sich gar zugunsten von Weiss.}) 10. Nxc8 $2 $19 {Ein Minustausch des starken Springers gegen eine bislang nicht entwickelte Figur.} (10. Bb3 $1 Qe7 11. Bf4 e5 12. Nf5 Bxc3+ 13. bxc3 Qc5 $15 {und Schwarz steht nur noch leicht besser.}) 10... Bxc3+ {Etwa gleichwertig wie 10...Txc8, aber weniger günstig als 10...h6 und Schwarz stünde gewinnträchtig.} (10... h6 11. Bxf6 Qxf6 12. Nb6 Bxc3+ 13. bxc3 Qxc3+ 14. Ke2 Rab8 $19) (10... Rxc8 11. Bd3 h6 12. Bd2 Ne5 13. O-O Nc4 14. Bxc4 Rxc4 $17) 11. bxc3 Rxc8 12. Bb3 $6 {Auf dieser Diagonale beisst der Läufer aufgrund der schwarzen Bauernstruktur auf Granit und hat keine Zukunft. Deshalb verdient der Rückzug 12.Ld3 den Vorzug.} h6 13. Bxf6 (13. h4 $5 {wäre auch interessant zu testen, ob Schwarz sich einlässt auf} hxg5 14. hxg5 {Nun würde jeder Wegzug des Springers verlieren. Leider kann ich mit CB-Emu nicht testen. wie der Mephisto Explorer Pro reagieren würde, da für dieses Gerät keine Emulation vorliegt.} Re8 15. gxf6 Qxf6 $15 {mit nur leichtem Vorteil.}) 13... Qxf6 14. O-O Qxc3 {Schwarz steht in Erwartung von 15.a4 oder 15.Dd6 klar besser: -+ (-2.41) (0%) Depth: 40/65} 15. Qxd7 $2 $19 {***VERLUSTZUG***} Nb4 $2 {Minimiert den Vorteil von "Schwarz gewinnt" nach 15...Sd4 zu "Schwarz steht besser".} ({Rems M-091224-bmi2:} 15... Nd4 {-+ (-3.72) (0%) Depth: 42/80} 16. h3 a5 17. a4 b4 18. Rad1 Nxb3 19. cxb3 Qxb3 20. Qb5 Ra8 21. Rc1 Qb2 22. Kh2 Rfb8 23. Qc5 Qa3 24. Ra1 Qd3 25. Qe5 b3 26. f4 Rb4 27. Rfe1 Qd4 28. Qxd4 Rxd4 29. Re3 Rb8 30. Rb1 b2 31. Re2 Rxa4 32. Rbxb2 Rxb2 33. Rxb2 Rxe4 34. Rb8+ Kh7 35. f5 exf5 36. Rb5 a4 37. Rxf5 Kg6 38. Ra5 Kf6 39. Kg3 Rb4 40. Kf3 Ke6 41. Ke3 g6 42. Kd3 h5 43. Ke3 Kd6 44. Ra7 Kc5 45. Rxf7 Rb3+ 46. Ke4 {[%eval -372,42] [%wdl 0,0,1000]}) 16. Rab1 Rfd8 17. Qb7 Rb8 18. Qa7 Ra8 19. Qe3 {Es gibt nichts Besseres.} Qxe3 20. fxe3 Rd2 21. Rbd1 (21. Rf2 {leistet mehr Widerstand}) 21... Rad8 22. Rxd2 Rxd2 23. Rf2 Rxf2 24. Kxf2 Nc6 $19 {Noch immer befindet sich Schwarz auf dem Siegespfad. Bewertung: -+ (-3.39) (0%) (+0%) Depth: 42/61} 25. c4 {[#]} Ne5 $2 $11 {Auf einen Schlag geht der schwarze Vorteil in die Binsen, was für einen Oldie mangels Rechenkraft nicht zu erkennen ist.} (25... b4 26. Ke2 Ne5 27. c5 Kf8 28. h3 Ke7 29. Ba4 a5 30. Bb5 f6 31. Kd2 Nd7 32. c6 Nb6 33. Kd3 Kd6 34. c7 Kxc7 $19 {und gewinnt}) 26. cxb5 axb5 27. Kg3 g6 28. a4 bxa4 29. Bxa4 Kf8 30. Bb3 Ke7 31. Bd1 Nc4 32. Kf2 Kd6 33. Bc2 Ke5 34. Ke2 Nd6 35. Kf3 h5 36. Bd3 f6 37. h3 Nf7 38. h4 {verhindert Sf7-g5} Nd6 39. g4 hxg4+ 40. Kxg4 Nxe4 41. Kf3 g5 {Ein spielbarer Zug, der noch immer das Remis garantiert. Leider scheint der Mephisto Explorer Pro aber auf den falschen Plan zu setzen. Ansonsten hätte er das Remis einfacher haben können mit} (41... Nd2+ 42. Kg4 Ne4 43. Kf3 Nd2+ 44. Ke2 Ne4 $11) 42. Bxe4 {[#]} g4+ $4 {***VERLIERT*** Ausführung des falschen Plans, nur um das materielle Gleichgewicht herzustellen. Die Kehrseite der Medaille erkennt Schwarz nicht, denn er landet nun in einem verlorenen Bauernendspiel. Bewertung: +- (#18) (100% +100%) Depth: 85/36} (42... gxh4 $1 {hätte das Remis gesichert, denn Schwarz gelingt es, den letzten weissen Bauern zu tauschen, wonach Weiss mit seinem Läufer nicht mattsetzen kann.} 43. Bb7 f5 44. Bc6 Kf6 45. Kf4 e5+ 46. Kf3 Kg5 47. Bb7 e4+ 48. Kf2 f4 49. Bxe4 fxe3+ 50. Kxe3 $11) 43. Kxg4 Kd6 ({oder} 43... Kxe4 44. h5 $18 {und der Freibauer läuft zur Dame.}) 44. Kh5 Kc5 45. Kg6 f5 46. Bh1 f4 {***AUFGEGEBEN***} 1-0

[Event "Match 82__120'/40"]
[Site "Zürich"]
[Date "2025.??.??"]
[Round "2"]
[White "Mephisto Explorer Pro"]
[Black "Scorpio 68000 sel. 4"]
[Result "1/2-1/2"]
[Annotator "1,5-0,5 for Scorpio"]
[WhiteElo "2016"]
[BlackElo "2043"]
[WhiteFideId "-1"]
[BlackFideId "-1"]
[PlyCount "163"]
[GameId "541576093604"]
[EventDate "2025.10.05"]
[EventType "match"]
[EventRounds "50"]

{[%evp 0,163,35,32,25,-23,43,25,26,38,53,54,55,53,35,24,-3,-20,-7,-6,-28,-39,8,0,0,0,0,0,7,-12,37,28,44,38,40,26,88,42,34,2,33,-12,9,-6,24,6,20,20,24,19,80,55,46,65,74,70,47,43,58,10,6,10,106,75,99,99,124,92,154,159,120,67,221,226,221,239,227,240,243,222,215,232,238,228,255,242,254,239,242,233,243,223,217,218,214,222,213,211,215,215,219,201,203,211,215,158,159,153,153,141,149,145,145,129,125,113,118,118,121,122,127,124,124,124,124,124,125,137,142,0,140,0,91,105,85,0,0,0,0,0,0,-18,-11,-6,-3,-4,-4,-4,-4,-3,0,0,0,-8,-3,-4,-4,-3,-3,-3,-3,-3,-3,-2,-2,-4]} 1. d4 d5 {Match Nr. 82 mit 120'/40 | Bediener: Rolf Bühler | Kommentator: Kurt Utzinger | 2. Partie: Remis | Zwischenstand: 1½-½ für Scorpio 68000 sel. 4 | Stand hypothetisch: 2-0 für Mephisto Explorer Pro | Eröffnung: Angenommenes Damengambit, klassisch 8...Lb7 | Buchzüge 5 (14) von Scorpio; 4 (13) von Mephisto Explorer Pro | Partieverlauf: Auch die zweite Partie hätte der Mephisto Explorer Pro gewinnen sollen. Durch den Damentausch 35...Dxc4, ein taktischer Fehler des Scorpio, konnte das holländische Programm von Frans Morsch die Qualität erobern. Die technische Gewinnführung erwies sich jedoch als zu anspruchsvoll, so dass nur ein mageres Remis herausschaut. Und so steht es nach 2 Partien 1,5 : 0,5 für den Scorpio statt 2 : 0 für den Mephisto Explorer. Immerhin zeigt sich, dass sich das Programm von David Kittinger vor seinem Gegner in Acht nehmen muss.} 2. c4 dxc4 3. Nf3 Nf6 4. e3 e6 5. Bxc4 c5 6. O-O a6 7. Qe2 b5 8. Bb3 Bb7 9. Rd1 $11 {***ENDE BUCH***} Nbd7 $11 {***ENDE BUCH***} 10. a4 Bd6 11. axb5 axb5 12. Rxa8 Qxa8 13. dxc5 (13. Na3 b4 14. Nb5 Bb8 15. dxc5 (15. Bd2 O-O 16. dxc5 Qa5 17. c6 Bxc6 18. Nfd4 {½-½ (18) Lalic,B (2365)-Doric,D (2440) Mali Losinj 2023}) 15... Nxc5 16. Bc4 O-O 17. Bd2 Qa4 $11 {1-0 (34) Laznicka,V (2679)-Postny,E (2637) Beersheba 2013}) 13... Bxc5 14. Na3 Bxa3 {Irgendwie ist es schade um diesen starken Läufer.} 15. bxa3 Bxf3 {Schwarz tauscht auch noch seinen zweiten schönen Läufer für eine leichte Schwächung der weissen Bauernstruktur am Königsflügel.} 16. gxf3 $14 O-O 17. e4 ({oder} 17. Qxb5 Rb8 18. Qa4 Qxf3 19. Rd2 $11) 17... Qb7 18. Bc2 Rc8 19. Bg5 h6 20. Bh4 Qb6 21. Bd3 Rc5 {Auch 21...Tc3 mit Angriff auf den Bauern a3 oder 21...b4 mit Bauerntausch kam in Frage.} 22. Rb1 Qa7 23. Bxb5 Qxa3 $11 {[#] Die Stellung befindet sich völlig im Gleichgewicht mit nur noch Bauern am Königsflügel. Ob es einer der beiden Kontrahenten doch noch schafft, und wie, diese Stellung zu verlieren?} 24. Qd1 Rh5 25. Bg3 Ne5 26. Be2 Nc6 27. Rb7 Qa8 28. Qb1 Rc5 29. Rc7 Ne8 30. Rd7 Ra5 {droht ...Ta1 -+} 31. Kg2 Nf6 32. Rc7 Nd4 33. Qc1 {droht Tc8 +-} Ra1 34. Qc4 (34. Rc8+ Kh7 35. Rxa8 Rxc1 $11) 34... Qa4 35. Bd3 {Es droht Figurengewinn durch Tc8+ Kh7, e5+ oder Dxa4 Txa4, Tc8+ Kh7, e5+. Die Stellung ist tricky für Schwarz.[#]} Qxc4 $2 $18 {[%mdl 2] Das ***VERLIERT*** für Schwarz. Der Scorpio erkennt nicht, dass er eine Figur verlieren wird. Den Rettungszug 35...g5 findet das Programm von David Kittinger nicht innert der getesteten Zeit von 20 Minuten mit einer Bewertung von nur -01.54 bei Tiefe d08 00-45.} (35... g5 $1 $11 {Irgendwann auf Tiefe 9 findet der Scorpio diesen Rettungszug, aber mit einer falschen Bewertung von -01.24 (statt 00.00) und der fehlerhaften Variante} 36. Be5 $2 {das verliert} ({Remis hält} 36. Qxa4 Rxa4 37. Be5 Nh5 38. Rc8+ Kh7 39. Rh8+ Kg6 $11) 36... Qxc4 $2 {verpasst den möglichen Sieg} ({nach} 36... Qd1 $1 $19 {wird Weiss mattgesetzt}) 37. Bxc4 Rg1+ 38. Kxg1 Nxf3+ $11 {ausgeglichen}) (35... g6 $2 {verliert auf zwei Arten} 36. Qxa4 ({auch} 36. Rc8+ {gewinnt} Kg7 37. Qc5 $1 $18) 36... Rxa4 37. Be5 Kg7 38. Bc4 $18 {und der schwarze Springer hat kein Fluchtfeld}) (35... Nh5 {funktioniert auch nicht wegen} 36. Rc8+ Kh7 37. e5+ Nf5 (37... g6 38. Qc7 {nebst Matt in 7 Zügen.}) 38. Bxf5+ exf5 39. Qxf7) 36. Rxc4 $1 {Nun ist guter Rat teurer. Der angegriffene Springer hat nur zwei Fluchtfelder. Dabei geht jedoch mindestens die Qualität verloren. Deshalb ist die folgenden Antwort erzwungen.} e5 (36... Nb3 37. Rc8+ Kh7 38. e5+ g6 39. exf6 {und gewinnt}) (36... Nb5 37. Rc8+ Kh7 38. e5+ g6 39. exf6 {und gewinnt}) 37. Bxe5 $18 {Und nun kann der gefesselte Springer wegen seines Ta1 nicht wegziehen. Erneut gibt es nur eine Lösung, die aber am weissen Sieg nicht mehr rüttelt.} Rg1+ 38. Kxg1 Nxf3+ 39. Kf1 Nxe5 {Weiss hat die Qualität erobert, aber die technische Gewinnführung übersteigt das Können unserer Oldies.} 40. Rc8+ ({Eine mögliche Gewinnführung zeigt die Engine:} 40. Rc8+ Kh7 41. Ke2 Nh5 42. Ke3 Ng4+ 43. Kd4 Nf4 44. Bc4 f6 45. Bg8+ Kg6 46. f3 Ne5 47. Ke3 Ng2+ 48. Kf2 Nf4 49. Rc2 Nfd3+ 50. Ke3 Ne1 51. Rf2 Kh5 52. Be6 g5 53. Bf5 Kh4 54. f4 gxf4+ 55. Rxf4+ Kg5 56. Rf2 h5 57. Be6 N1d3 58. Rf5+ Kg6 59. Bb3 h4 60. Bd1 Nb4 61. Rf4 Kg5 62. Rf2 Nc4+ 63. Kd4 Ne5 64. Be2 Nbc6+ 65. Kd5 Nd8 66. Rf5+ Kg6 67. Bh5+ Kg7 68. Rf4 Ndc6 69. Rxh4 {+- (9.87) (100%) Depth: 61/84}) 40... Kh7 41. Bc2 {Zentralisierung des Königs mit 41.Ke2 ist besser. Den Läufertausch braucht Weiss nicht zu fürchten.} g5 42. Rc5 Nfd7 43. Rd5 f6 44. Ke2 Kg7 45. f3 Nf8 46. Ke3 Nfg6 47. Rd8 Nh4 48. Bd1 Ng2+ 49. Kf2 Nf4 50. Bb3 Nfd3+ 51. Ke3 Ne1 52. h3 $2 $11 {Weiss gibt den f3-Bauer und danach ist die Partie wirklich nicht mehr zu gewinnen.} N1xf3 53. Rg8+ Kh7 54. Rc8 h5 55. Be6 Nh4 56. Rf8 Kg7 57. Rb8 Ng2+ 58. Kf2 Nf4 59. Bf5 Kf7 60. Ra8 Ke7 61. Ke3 Ng2+ 62. Kd4 g4 63. hxg4 hxg4 64. Rc8 g3 65. Rg8 Nf4 66. Ke3 (66. Rxg3 $4 Ne2+ 67. Ke3 Nxg3 $19) 66... Ng2+ 67. Kd2 Nf3+ 68. Kd3 Ng5 69. Rb8 Nh4 70. Rb7+ Kd6 71. Ke3 g2 72. Kf2 Ngf3 73. Rb1 g1=Q+ 74. Rxg1 Nxg1 75. Kxg1 {Jetzt ist die Stellung totremis.} Ke5 ({oder} 75... Nxf5 76. exf5 Ke5 77. Kf2 Kxf5 78. Kf3 $1 $11) 76. Bg4 Kxe4 77. Kf2 Kf4 78. Bc8 Nf3 79. Ke2 Ne5 80. Bb7 Nc4 81. Kd3 Nd6 82. Bg2 {***REMIS ABGEBROCHEN***} 1/2-1/2